The New international webster's pocket grammar, speech & style dictionary of the English language. (Record no. 19623)
[ view plain ]
| 000 -LEADER | |
|---|---|
| fixed length control field | 00531nam a2200169 a 4500 |
| 005 - DATE AND TIME OF LATEST TRANSACTION | |
| control field | 20140310183149.0 |
| 008 - FIXED-LENGTH DATA ELEMENTS--GENERAL INFORMATION | |
| fixed length control field | 020821s19uu xx 00 eng d |
| 050 ## - LIBRARY OF CONGRESS CALL NUMBER | |
| Classification number | AG 5 |
| Item number | .N532 1997 |
| 245 ## - TITLE STATEMENT | |
| Title | The New international webster's pocket grammar, speech & style dictionary of the English language. |
| 260 ## - PUBLICATION, DISTRIBUTION, ETC. (IMPRINT) | |
| Place of publication, distribution, etc | [S.l.] : |
| Name of publisher, distributor, etc | Trident Press International, |
| Date of publication, distribution, etc | 2000. |
| 300 ## - PHYSICAL DESCRIPTION | |
| Extent | 314 p. : |
| Dimensions | 17 cm. |
| 650 ## - SUBJECT ADDED ENTRY--TOPICAL TERM | |
| Topical term or geographic name as entry element | English language |
| General subdivision | grammar |
| 650 ## - SUBJECT ADDED ENTRY--TOPICAL TERM | |
| Topical term or geographic name as entry element | English language |
| General subdivision | speech |
| 942 ## - ADDED ENTRY ELEMENTS (KOHA) | |
| Koha item type | Books |
| Source of classification or shelving scheme | Library of Congress Classification |
| Withdrawn status | Lost status | Source of classification or shelving scheme | Damaged status | Home library | Current library | Shelving location | Date acquired | Total Checkouts | Full call number | Barcode | Date last seen | Date checked out | Copy number | Price effective from | Koha item type |
|---|---|---|---|---|---|---|---|---|---|---|---|---|---|---|---|
| Library of Congress Classification | College Library | College Library | Reference Section | 08/21/2002 | 1 | AG 5 .N532 2000 | C0811 | 05/15/2018 | 11/11/2014 | 1 | 10/10/2013 | Books | |||
| Library of Congress Classification | College Library | College Library | Reference Section | 10/26/2013 | AG 5 .N532 1997 | C6575 | 05/15/2018 | 2 | 10/26/2013 | Books |